| 000 | 00520nam a2200193 i 4500 | ||
|---|---|---|---|
| 001 | bgj | ||
| 100 | 1 |
_aHEMINGWAY, Ernest _d(1899-1961). |
|
| 245 | 1 | 0 |
_aThe Snows of Kilimanjaro and Other Stories / _cErnest Hemingway. |
| 250 | _a[Repr.]. | ||
| 260 |
_aLondon : _bTriad Grafton, _c1977. |
||
| 300 |
_a143 pp ; _c18 cm. |
||
| 650 | 9 |
_aAmerican fition _y20th century |
|
| 020 | _a0586044612 | ||
| 040 | _cBPK | ||
| 041 | 0 | _aeng | |
| 920 | _a0-586-04461-2 | ||
| 942 | _cKS | ||
| 008 | s uk f |000 0 eng | ||
| 999 |
_c47785 _d47785 |
||
| 856 |
_uhttp://koha.tu.koszalin.pl/cgi-bin/koha/opac-detail.pl?biblionumber=47785 _yKatalog online BPK |
||